01351nam a22001937a 4500999001700000020001800017082001800035245005400053260006300107300001500170520073000185650001400915650001700929700001800946700001800964700001800982942001201000952014501012 c26926d26926 a9789390370306 a370.115bSYN- aSynergising educational concerns and social needs aNew DelhibIndian Council of Social Science Researchc2021 axvi; 179p. aThe book is an anthology of papers based on various ideas and deliberations shared during a Seminar-cum-National Dialogue around the themes Education, Skill and Employment and Access, Equality and Quality in Higher Education amongst teacher educators, policy planners and academic administrators, representing various apex organisations and universities from different states. The three units focus on a theme respectively that attempts to bring certain social issues and concerns in interface with contemporary ideas of education. The book offers an array of concepts, sharing, arguments and discussions that hopefully ignites the readers towards revisioning the Indian education system in synergy with the social concerns!  aEducation aSocial Needs aArora, Pankaj aSharma, Saroj aSharma, Yukti 2ddccBK 00104070aNASSDOCbNASSDOCd2021-12-01eGifted by: PRS Division , ICSSRl0o370.115 SYN-p51802r2021-11-15 00:00:00v0.00w2021-12-01yBK